Tensor Analysis and Elementary Differential Geometry for Physicists and Engineers

This book comprehensively presents topics, such as Dirac notation, tensor analysis, elementary differential geometry of moving surfaces, and k-differential forms. Additionally, two new chapters of Cartan differential forms and Dirac and tensor notations in quantum mechanics are added to this second...

Πλήρης περιγραφή

Λεπτομέρειες βιβλιογραφικής εγγραφής
Κύριοι συγγραφείς: Nguyen-Schäfer, Hung (Συγγραφέας), Schmidt, Jan-Philip (Συγγραφέας)
Συγγραφή απο Οργανισμό/Αρχή: SpringerLink (Online service)
Μορφή: Ηλεκτρονική πηγή Ηλ. βιβλίο
Γλώσσα:English
Έκδοση: Berlin, Heidelberg : Springer Berlin Heidelberg : Imprint: Springer, 2017.
Έκδοση:2nd ed. 2017.
Σειρά:Mathematical Engineering,
Θέματα:
Διαθέσιμο Online:Full Text via HEAL-Link
LEADER 03414nam a22005535i 4500
001 978-3-662-48497-5
003 DE-He213
005 20171014141523.0
007 cr nn 008mamaa
008 160816s2017 gw | s |||| 0|eng d
020 |a 9783662484975  |9 978-3-662-48497-5 
024 7 |a 10.1007/978-3-662-48497-5  |2 doi 
040 |d GrThAP 
050 4 |a TA357-359 
072 7 |a TGMF  |2 bicssc 
072 7 |a TGMF1  |2 bicssc 
072 7 |a TEC009070  |2 bisacsh 
072 7 |a SCI085000  |2 bisacsh 
082 0 4 |a 620.1064  |2 23 
100 1 |a Nguyen-Schäfer, Hung.  |e author. 
245 1 0 |a Tensor Analysis and Elementary Differential Geometry for Physicists and Engineers  |h [electronic resource] /  |c by Hung Nguyen-Schäfer, Jan-Philip Schmidt. 
250 |a 2nd ed. 2017. 
264 1 |a Berlin, Heidelberg :  |b Springer Berlin Heidelberg :  |b Imprint: Springer,  |c 2017. 
300 |a XVII, 376 p. 73 illus.  |b online resource. 
336 |a text  |b txt  |2 rdacontent 
337 |a computer  |b c  |2 rdamedia 
338 |a online resource  |b cr  |2 rdacarrier 
347 |a text file  |b PDF  |2 rda 
490 1 |a Mathematical Engineering,  |x 2192-4732 
505 0 |a General Basis and Bra-Ket Notation -- Tensor Analysis -- Elementary Differential Geometry -- Differential Forms -- Applications of Tensors and Differential Geometry -- Tensors and Bra-Ket Notation in Quantum Mechanics -- Appendices. 
520 |a This book comprehensively presents topics, such as Dirac notation, tensor analysis, elementary differential geometry of moving surfaces, and k-differential forms. Additionally, two new chapters of Cartan differential forms and Dirac and tensor notations in quantum mechanics are added to this second edition. The reader is provided with hands-on calculations and worked-out examples at which he will learn how to handle the bra-ket notation, tensors, differential geometry, and differential forms; and to apply them to the physical and engineering world. Many methods and applications are given in CFD, continuum mechanics, electrodynamics in special relativity, cosmology in the Minkowski four-dimensional spacetime, and relativistic and non-relativistic quantum mechanics. Tensors, differential geometry, differential forms, and Dirac notation are very useful advanced mathematical tools in many fields of modern physics and computational engineering. They are involved in special and general relativity physics, quantum mechanics, cosmology, electrodynamics, computational fluid dynamics (CFD), and continuum mechanics. The target audience of this all-in-one book primarily comprises graduate students in mathematics, physics, engineering, research scientists, and engineers.     . 
650 0 |a Engineering. 
650 0 |a Computer mathematics. 
650 0 |a Differential geometry. 
650 0 |a Physics. 
650 0 |a Fluid mechanics. 
650 1 4 |a Engineering. 
650 2 4 |a Engineering Fluid Dynamics. 
650 2 4 |a Computational Science and Engineering. 
650 2 4 |a Mathematical Methods in Physics. 
650 2 4 |a Differential Geometry. 
700 1 |a Schmidt, Jan-Philip.  |e author. 
710 2 |a SpringerLink (Online service) 
773 0 |t Springer eBooks 
776 0 8 |i Printed edition:  |z 9783662484951 
830 0 |a Mathematical Engineering,  |x 2192-4732 
856 4 0 |u http://dx.doi.org/10.1007/978-3-662-48497-5  |z Full Text via HEAL-Link 
912 |a ZDB-2-ENG 
950 |a Engineering (Springer-11647)